Statistics for Bordering Groups of Two #1

Click here to take the quiz!

General Stats

  • This quiz has been taken 93 times
  • The average score is 18 of 24

Answer Stats

Country% Correct
Argentina
100%
Brazil
100%
China
99%
Nepal
99%
United Kingdom
99%
Haiti
98%
Dominican Republic
96%
France
96%
Greece
90%
Mexico
90%
Turkey
90%
United States
90%
Iraq
85%
Russia
77%
Japan
74%
Syria
69%
Solomon Islands
65%
Indonesia
64%
Papua New Guinea
56%
São Tomé and Príncipe
48%
Denmark
44%
Sweden
43%
Kenya
30%
Ethiopia
27%

Score Distribution

Percentile by Number Answered

Percent of People with Each Score

Your Score History

You have not taken this quiz